000 00508nam a2200157Ia 4500
005 20260121165307.0
008 260121s9999 xx 000 0 und d
020 _a978-93-95664-38-7
041 _amar
100 _aकांबळे, सीमा
245 _aयशस्विनी उद्योगाच्या यशस्वी गाथा
250 _a1
260 _bभारतीय विचार साधना फाउंडेशन
_c2023
300 _a152
650 _aGenral
999 _c369939
_d369939